|
|
|
|
| LEADER |
00000nab a2200000Ia 4500 |
| 001 |
vtls010711136 |
| 003 |
SK-MaSNL |
| 005 |
20260426102742.0 |
| 008 |
250709|1983 xo |||||||||||||||||slo| |
| 035 |
|
|
|a (urnnbn)urn:nbn:sk:snk:ar-a046av
|
| 035 |
|
|
|a (uuid)17d5ec22-888f-44ee-aa03-4cda66bff295
|
| 035 |
|
|
|a urn:nbn:sk:snk-ab3ed8
|
| 040 |
|
|
|a SNKBUCL
|b slo
|c SNKBUCL
|e AACR2
|
| 041 |
0 |
|
|a cze
|
| 044 |
|
|
|a xo
|c SK
|
| 080 |
|
|
|a (437)
|2 2001
|
| 080 |
|
|
|a 796.52
|2 2001
|
| 080 |
|
|
|a (437.6)
|2 2011
|
| 080 |
|
|
|a (1-87)
|2 2001
|
| 100 |
1 |
|
|a Vaněk, Stanislav
|4 aut
|9 779242
|
| 245 |
1 |
0 |
|a ČESKOSLOVENSKÁ HOROLEZECKÁ SEZÓNA 1982
|c Stanislav Vaněk
|
| 648 |
|
7 |
|a 1982
|2 SNK
|9 285355
|
| 650 |
0 |
7 |
|a horolezectvo
|2 SNKPH
|9 1050
|
| 650 |
0 |
7 |
|a zahraničie
|2 SNKPH
|9 30233
|
| 651 |
|
7 |
|a Československo
|2 SNKPH
|9 21376
|
| 651 |
|
7 |
|a Slovensko
|2 SNKPH
|9 14231
|
| 773 |
0 |
|
|t Iamesák : spravodaj Slovenského horolezeckého zväzu IAMES
|g Roč. 15, č. 1 (1983), s. 20-22
|
| 850 |
|
|
|a Slovenská národná knižnica
|
| 852 |
|
|
|a Slovenská národná knižnica
|
| 958 |
|
|
|a article1
|
| 958 |
|
|
|a OND
|
| 999 |
|
|
|c 3265242
|d 3267172
|